| 000 | 00702nam a2200205 a 4500 | ||
|---|---|---|---|
| 005 | 20140311163029.0 | ||
| 008 | 100310s19uu xx 00 eng d | ||
| 020 | _a971-0362-25-9 | ||
| 050 |
_aHV 6626 _b.V541 2005 |
||
| 100 | _aVelasco, Gundelina A. | ||
| 245 |
_aChildren at risk : _bpractical assessment and intervention strategies / _cGundelina A. Velazco. |
||
| 260 |
_aQuezon City : _bGiraffe Books, _cc2005. |
||
| 300 |
_a100 p. : _c23 cm. |
||
| 521 | _aPSYCH | ||
| 650 |
_aChildren _xPersonality disorder _xintervention strategies. |
||
| 650 |
_aPersonality disorder _xAssessment _xstrategies. |
||
| 650 |
_aPsychic trauma _xtreatment _xstrategies. |
||
| 942 |
_cBK _2lcc _kFOR |
||
| 999 |
_c39604 _d39604 |
||